| 000 | 00546nam a2200181Ia 4500 | ||
|---|---|---|---|
| 003 | GCL | ||
| 008 | 140319s9999 xx 000 0 eng d | ||
| 040 |
_aGCL / _cGCL |
||
| 082 | 0 | 4 |
_a624.171 _bS F |
| 100 | 1 | _aSELVAM, V. K. MANICKA | |
| 245 | 1 | 0 |
_aELEMENTARY MATRIX ANALYSIS OF STRUCTURES: FOR ENGINEERING STUDENT / _cSELVAM, V. K. MANICKA |
| 260 |
_a[S.N] : _bKHANNA PUBLISHERS ، _c1992 |
||
| 300 | _a275\P | ||
| 650 | 0 | 4 | _aالتحليل الرياضى |
| 650 | 0 | 4 | _aCIVIL ENGINEERING |
| 650 | 0 | 4 | _aSTRUCTURAL ENGINEERING |
| 942 |
_2ddc _cBK |
||
| 999 |
_c20219 _d20219 |
||